| 000 | 01373cam a2200349 i 4500 | ||
|---|---|---|---|
| 999 |
_c29160 _d29131 |
||
| 001 | 17539743 | ||
| 003 | EG-ScBUE | ||
| 005 | 20210608095930.0 | ||
| 008 | 121126s2013 nyuaf f b 001 0beng d | ||
| 020 | _a9780805098686 | ||
| 040 |
_aDLC _beng _erda _cDLC _dDLC _dEG-ScBUE |
||
| 043 | _an-us--- | ||
| 082 | 0 | 4 |
_a327.730092 _bCHA _222 |
| 100 | 1 |
_aGhattas, Kim, _eauthor. _919573 |
|
| 245 | 1 | 4 |
_aThe secretary : _ba journey with Hillary Clinton from Beirut to the heart of American power / _cKim Ghattas. |
| 250 | _aFirst edition. | ||
| 264 | 1 |
_aNew York : _bTimes Books, Henry Holt and Company, _c2013. |
|
| 300 |
_ax, 357 pages, 16 pages of plates : _billustrations ; _c25 cm |
||
| 336 |
_atext _2rdacontent _btxt |
||
| 337 |
_aunmediated _2rdamedia _bn |
||
| 338 |
_avolume _2rdacarrier _bnc |
||
| 504 | _aIncludes bibliographical references and index. | ||
| 600 | 1 | 7 |
_aClinton, Hillary Rodham. _2BUEsh |
| 650 | 7 |
_aCabinet officers _zUnited States _vBiography. _2BUEsh _937411 |
|
| 650 | 7 |
_aWomen cabinet officers _zUnited States _vBiography. _2BUEsh |
|
| 651 | 7 |
_aUnited States _xForeign relations _y2009- _2BUEsh |
|
| 653 |
_bBUSBOL _cJune2021 |
||
| 655 |
_vReading book _934232 |
||
| 906 |
_a7 _bcbc _corignew _d1 _eecip _f20 _gy-gencatlg |
||
| 942 |
_2ddc _cBB |
||